Atribúty čitateľnosti programového kódu

Gespeichert in:
Bibliographische Detailangaben
1. Verfasser: Koník, Kristián (Verfasst von)
Weitere Verfasser: Lang, Ján (Betreuung Doktorarbeit)
Format: Manuskript Buch
Sprache:Slowakisch
Veröffentlicht: 2017
Schlagworte:
Online-Zugang:http://is.stuba.sk/zp/portal_zp.pl?podrobnosti=106478
Tags: Tag hinzufügen
Keine Tags, Fügen Sie das erste Tag hinzu!

MARC

LEADER 00000ntm a22000003a 4500
001 stuzp64424
003 SK-STU
005 20170624213358.2
007 ta
008 150427s2015----xo-----f-mn---000-0-slo-d
040 |a STU  |b slo 
041 0 |a slo 
100 1 |a Koník, Kristián  |u 070200  |4 aut  |U FIIT Fakulta informatiky a informačných technológií  |T FIIT Ústav informatiky, informačných systémov a softvérového inžinierstva  |X 72167  |U I200  |Y 179  |7 72167 
242 0 1 |a Readability attributes of program code  |y eng 
245 1 0 |a Atribúty čitateľnosti programového kódu 
260 |c 2017 
650 4 |a čitateľnosť  |2 slo 
650 4 |a metriky  |2 slo 
650 4 |a Eclipse  |2 slo 
650 4 |a metrics  |2 eng 
650 4 |a Eclipse  |2 eng 
650 4 |a readability  |2 eng 
700 1 |a Lang, Ján  |u 070200  |k Z1  |4 ths  |U FIIT Fakulta informatiky a informačných technológií  |T FIIT Ústav informatiky, informačných systémov a softvérového inžinierstva  |X 60247  |U I200  |Y 179  |7 60247 
856 4 |u http://is.stuba.sk/zp/portal_zp.pl?podrobnosti=106478 
996 |b 11264  |c I* BAP45/17  |l II680  |s P  |a 0  |w stuzp64424_0001